000 00487ctm a22001935a 4500
001 L141568
008 071203i19361943xxk eng u
035 _a(Sirsi) u141568
041 0 _aeng
110 2 _aValuers' Association
_95475
245 0 1 _a[Register of members]
_h[manuscript]
260 _c1936-1943
300 _a1 v.
_c34 cm.
340 _aManuscript
351 _cSingle item
651 4 _aUnited Kingdom
_y
690 _aABOUT RICS-RELATED ORGANISATIONS
942 _n0
999 _c116742
_d116742